Food safety (Record no. 8862)
[ view plain ]
| 000 -LEADER | |
|---|---|
| fixed length control field | 00171nam a22000977a 4500 |
| 040 ## - CATALOGING SOURCE | |
| Transcribing agency | SK |
| 082 ## - DEWEY DECIMAL CLASSIFICATION NUMBER | |
| Classification number | 363 |
| 100 ## - MAIN ENTRY--AUTHOR NAME | |
| Personal name | BUNTONG BORARIN |
| 245 ## - TITLE STATEMENT | |
| Title | Food safety |
| 942 ## - ADDED ENTRY ELEMENTS (KOHA) | |
| Koha item type | សៀវភៅភាសាអង់គ្លេស |
| 952 ## - LOCATION AND ITEM INFORMATION (KOHA) | |
| Withdrawn status [LOCAL, KOHA] | 0 |
| 952 ## - LOCATION AND ITEM INFORMATION (KOHA) | |
| Withdrawn status [LOCAL, KOHA] | 0 |
| 952 ## - LOCATION AND ITEM INFORMATION (KOHA) | |
| Withdrawn status [LOCAL, KOHA] | 0 |
| Permanent Location | Date acquired | Koha item type | Lost status | Barcode | Shelving location | Current Location | Full call number |
|---|---|---|---|---|---|---|---|
| Library Block C | 2016-08-18 | សៀវភៅភាសាអង់គ្លេស | RUA061312 | Library Block C | 363 BUN 2011 | ||
| Library Block C | 2016-08-18 | សៀវភៅភាសាអង់គ្លេស | RUA061972 | C067 | Library Block C | 363 BUN 2011 C67 | |
| Library Block C | 2016-08-18 | សៀវភៅភាសាអង់គ្លេស | RUA045956 | Library Block C | 363 BUN 2011 C233 |